00961nam a2200241 a 4500001001000000003000400010005001700014008004100031040002500072082001600097100003600113245010500149260004900254300002700303490003000330500003100360504002700391830003700418942001300455952011400468952012000582999001700702000016901OSt20201106092501.0100312s1981 dr a r 001 0 spa d aDO-SdBNPbspacBNPHU axxxxbG887i1 aGrullón U. , José J.93738810aIntroducción para la salud :bintroducción a la tecnología educativa /cJosé J. Grullón U. aSanto Domingo :bImpresos de calidad,c1981. a92 p. :bil. ;c21 cm.1 aEducación para la salud aLa bilioteca posee el t. 2 aBibliografía : p. 87 0aEducación para la salud937390 2ddccLF1 0010718PDaPDbPDcHDd2010-03-12iLF1l0oxxxx G887ip16901-10r2020-06-25w2020-06-25yLFPDZNo se presta 0010718PDaPDbPDcHDd2010-03-12iLF1l0oxxxx G887ip16901-20r2020-06-25te. 2w2020-06-25yLFPDZNo se presta c16433d16433